Product Design and Development / (Record no. 12784)
[ view plain ]
| 000 -LEADER | |
|---|---|
| fixed length control field | 02394cam a2200433 a 4500 |
| 001 - CONTROL NUMBER | |
| control field | 14793061 |
| 005 - DATE AND TIME OF LATEST TRANSACTION | |
| control field | 20071114075252.0 |
| 008 - FIXED-LENGTH DATA ELEMENTS--GENERAL INFORMATION | |
| fixed length control field | 070402s2008 maua |rb 001 0deng d |
| 010 ## - LIBRARY OF CONGRESS CONTROL NUMBER | |
| LC control number | 2007013757 |
| 020 ## - INTERNATIONAL STANDARD BOOK NUMBER | |
| International Standard Book Number | 0071259473 |
| 020 ## - INTERNATIONAL STANDARD BOOK NUMBER | |
| International Standard Book Number | 9780071259477 |
| 035 ## - SYSTEM CONTROL NUMBER | |
| System control number | (OCoLC)ocn122424997 |
| 035 ## - SYSTEM CONTROL NUMBER | |
| System control number | (OCoLC)122424997 |
| 040 ## - CATALOGING SOURCE | |
| Original cataloging agency | DLC |
| Transcribing agency | DLC |
| Modifying agency | YDX |
| -- | BAKER |
| -- | BTCTA |
| -- | YDXCP |
| -- | DLC |
| 050 00 - LIBRARY OF CONGRESS CALL NUMBER | |
| Classification number | HD31 |
| Item number | .U47 2008 |
| 082 00 - DEWEY DECIMAL CLASSIFICATION NUMBER | |
| Edition number | 22 |
| Classification number | 658.5752 |
| Item number | ULR |
| 100 1# - MAIN ENTRY--PERSONAL NAME | |
| Personal name | Ulrich, Karl T. |
| 9 (RLIN) | 8829 |
| Relator term | Author |
| 245 10 - TITLE STATEMENT | |
| Title | Product Design and Development / |
| Statement of responsibility, etc | Karl T. Ulrich, Steven D. Eppinger. |
| 250 ## - EDITION STATEMENT | |
| Edition statement | 4th ed. |
| 260 ## - PUBLICATION, DISTRIBUTION, ETC. (IMPRINT) | |
| Place of publication, distribution, etc | Boston : |
| Name of publisher, distributor, etc | McGraw-Hill Higher Education, |
| Date of publication, distribution, etc | c2008. |
| 300 ## - PHYSICAL DESCRIPTION | |
| Extent | xv, 368 p. : |
| Other physical details | ill. ; |
| Dimensions | 24 cm. |
| 504 ## - BIBLIOGRAPHY, ETC. NOTE | |
| Bibliography, etc | Includes bibliographical references and index. |
| 541 ## - IMMEDIATE SOURCE OF ACQUISITION NOTE | |
| Source of acquisition | Bacca ; |
| 650 #0 - SUBJECT ADDED ENTRY--TOPICAL TERM | |
| Topical term or geographic name as entry element | Industrial management. |
| 9 (RLIN) | 8830 |
| 650 #0 - SUBJECT ADDED ENTRY--TOPICAL TERM | |
| Topical term or geographic name as entry element | Production management. |
| 9 (RLIN) | 8831 |
| 650 #0 - SUBJECT ADDED ENTRY--TOPICAL TERM | |
| Topical term or geographic name as entry element | Industrial engineering. |
| 9 (RLIN) | 8832 |
| 650 #0 - SUBJECT ADDED ENTRY--TOPICAL TERM | |
| Topical term or geographic name as entry element | New products |
| General subdivision | Management. |
| 9 (RLIN) | 8833 |
| 700 1# - ADDED ENTRY--PERSONAL NAME | |
| Personal name | Eppinger, Steven D. |
| 9 (RLIN) | 8834 |
| Relator term | Author |
| 856 41 - ELECTRONIC LOCATION AND ACCESS | |
| Materials specified | Table of contents only |
| Uniform Resource Identifier | <a href="http://www.loc.gov/catdir/toc/ecip0714/2007013757.html">http://www.loc.gov/catdir/toc/ecip0714/2007013757.html</a> |
| 856 42 - ELECTRONIC LOCATION AND ACCESS | |
| Materials specified | Publisher description |
| Uniform Resource Identifier | <a href="http://www.loc.gov/catdir/enhancements/fy0713/2007013757-d.html">http://www.loc.gov/catdir/enhancements/fy0713/2007013757-d.html</a> |
| 856 42 - ELECTRONIC LOCATION AND ACCESS | |
| Materials specified | Contributor biographical information |
| Uniform Resource Identifier | <a href="http://www.loc.gov/catdir/enhancements/fy0735/2007013757-b.html">http://www.loc.gov/catdir/enhancements/fy0735/2007013757-b.html</a> |
| 942 ## - ADDED ENTRY ELEMENTS (KOHA) | |
| Source of classification or shelving scheme | Dewey Decimal Classification |
| Item type | Book - Borrowing |
| Withdrawn status | Item status | Source of classification or shelving scheme | Damaged status | Not for loan | Vendor | Home library | Current library | Shelving location | Date acquired | Source of acquisition | Total Checkouts | Full call number | Barcode | Date last seen | Date last borrowed | Koha item type | Total Renewals |
|---|---|---|---|---|---|---|---|---|---|---|---|---|---|---|---|---|---|
| Dewey Decimal Classification | Baccah | Central Library | Central Library | First floor | 13/10/2009 | 6 | 658.5752 ULR | 000018302 | 15/07/2025 | 29/04/2012 | NB - Book (Non borrowing) | ||||||
| Dewey Decimal Classification | Baccah | Central Library | Central Library | First floor | 21/10/2009 | 22 | 658.5752 ULR | 000018488 | 15/07/2025 | 30/09/2018 | Book - Borrowing | 148 | |||||
| Dewey Decimal Classification | Baccah | Central Library | Central Library | First floor | 30/09/2010 | 11 | 658.5752 ULR | 000022310 | 15/07/2025 | 10/02/2018 | Book - Borrowing | 51 | |||||
| Dewey Decimal Classification | Baccah | Central Library | Central Library | First floor | 15/03/2011 | 7 | 658.5752 ULR | 000022888 | 15/07/2025 | 26/02/2020 | Book - Borrowing | 64 | |||||
| Dewey Decimal Classification | Central Library | Central Library | First floor | 11/10/2011 | 5 | 658.5752 ULR | 000022482 | 15/07/2025 | 10/02/2018 | Book - Borrowing | 40 |